[Event "AUS-ch"]
[Site "Sydney"]
[Date "2020.01.12"]
[Round "10"]
[White "Kargosha, Bahman"]
[Black "Huynh, Arthur"]
[Result "0-1"]
[WhiteElo "2101"]
[BlackElo "2136"]
[PlyCount "88"]
[EventDate "2020.01.02"]
[EventType "swiss"]
[EventRounds "11"]
[EventCountry "AUS"]
[SourceTitle "CBM 194 Extra"]
[Source "ChessBase"]
[SourceDate "2020.03.31"]
[SourceVersion "1"]
[SourceVersionDate "2020.03.31"]
[SourceQuality "1"]

1. d4 Nf6 2. c4 e6 3. Nc3 Bb4 4. e3 0-0 5. Bd3 d5 6. Nf3 b6 7. a3 Bxc3+ 8. bxc3 Ba6 9. cxd5 Bxd3 10. Qxd3 exd5 11. c4 c5 12. dxc5 bxc5 13. 0-0 dxc4 14. Qxc4 Nbd7 15. Bb2 Qe7 16. Rac1 Rfc8 17. Rfd1 h6 18. Rc2 Nb6 19. Qh4 Rd8 20. Rdc1 Nbd7 21. Nd2 Rab8 22. h3 Qe6 23. Nc4 Rb5 24. Rd2 Rdb8 25. Rd6 Qe8 26. Bxf6 Nxf6 27. Rxf6 Rb1 28. Rxb1 Rxb1+ 29. Kh2 gxf6 30. Qxf6 Qe6 31. Qf4 Rc1 32. Nd6 c4 33. e4 Re1 34. f3 Rd1 35. Nf5 Kh7 36. Ne3 Rd3 37. Ng4 c3 38. Nf6+ Kg6 39. Ng4 Kg7 40. Qg3 Kh7 41. Ne5 Rd1 42. f4 c2 43. f5 Qxe5 44. Qxe5 c1Q 0-1

[Event "AUS-ch"]
[Site "Sydney"]
[Date "2020.01.05"]
[Round "4"]
[White "Hu, Jason"]
[Black "Kargosha, Bahman"]
[Result "1-0"]
[WhiteElo "2159"]
[BlackElo "2101"]
[PlyCount "42"]
[EventDate "2020.01.02"]
[EventType "swiss"]
[EventRounds "11"]
[EventCountry "AUS"]
[SourceTitle "CBM 194 Extra"]
[Source "ChessBase"]
[SourceDate "2020.03.31"]
[SourceVersion "1"]
[SourceVersionDate "2020.03.31"]
[SourceQuality "1"]

1. d4 Nf6 2. Nf3 e6 3. g3 d5 4. Bg2 Bd6 5. 0-0 0-0 6. c4 Nc6 7. Nc3 dxc4 8. Qa4 e5 9. dxe5 Nxe5 10. Nxe5 Bxe5 11. Rd1 Qe7 12. Qxc4 c6 13. Be3 Be6 14. Qc5 Qxc5 15. Bxc5 Rfe8 16. Bd4 Bxd4 17. Rxd4 Rad8 18. Rad1 Rxd4 19. Rxd4 Kf8 20. e4 Nd7 21. f4 f6 1-0

[Event "Avicenna op 16th"]
[Site "Hamedan"]
[Date "2019.09.12"]
[Round "1"]
[White "Khodashenas, Mersad"]
[Black "Kargosha, Bahman"]
[Result "1/2-1/2"]
[WhiteElo "2473"]
[BlackElo "2129"]
[PlyCount "67"]
[EventDate "2019.09.12"]
[EventType "swiss"]
[EventRounds "9"]
[EventCountry "IRI"]
[SourceTitle "EXT 2020"]
[Source "ChessBase"]
[SourceDate "2019.10.17"]
[SourceVersion "1"]
[SourceVersionDate "2019.10.17"]
[SourceQuality "1"]

1. e4 e5 2. Nf3 Nc6 3. Bb5 a6 4. Ba4 Nf6 5. 0-0 Be7 6. Re1 b5 7. Bb3 d6 8. c3 0-0 9. h3 Bb7 10. d4 Re8 11. Nbd2 exd4 12. cxd4 Nd7 13. Nf1 Na5 14. Bc2 Bf6 15. Ng3 g6 16. Rb1 c5 17. d5 Nc4 18. b3 Ncb6 19. Nh2 b4 20. Ng4 Bc3 21. Bd2 Bd4 22. Kh2 a5 23. f4 Ba6 24. Qf3 Ra7 25. Rbd1 Bg7 26. Be3 Bc3 27. Rh1 Bg7 28. Bd3 Bxd3 29. Rxd3 a4 30. Rf1 axb3 31. axb3 h5 32. Nf2 Qe7 33. Re1 Ra2 34. Bc1 1/2-1/2

[Event "Doeberl Cup 56th"]
[Site "Canberra"]
[Date "2018.04.02"]
[Round "9"]
[White "Kargosha, Bahman"]
[Black "Lam, Ross"]
[Result "1-0"]
[WhiteElo "2211"]
[BlackElo "1924"]
[PlyCount "65"]
[EventDate "2018.03.29"]
[EventType "swiss"]
[EventRounds "9"]
[EventCountry "AUS"]
[SourceTitle "CBM 187 Extra"]
[Source "ChessBase"]
[SourceDate "2018.11.04"]
[SourceVersion "1"]
[SourceVersionDate "2018.11.04"]
[SourceQuality "1"]

1. d4 Nf6 2. c4 e6 3. Nc3 Bb4 4. e3 b6 5. Nge2 Ba6 6. a3 Bxc3+ 7. Nxc3 d5 8. b3 0-0 9. Bd3 dxc4 10. bxc4 Nc6 11. Rb1 e5 12. d5 Na5 13. Nb5 e4 14. Be2 c6 15. dxc6 Nxc6 16. 0-0 Qe7 17. Qa4 Bb7 18. Rd1 Rfd8 19. Bb2 a6 20. Nd4 Nxd4 21. Bxd4 b5 22. Qb4 Qxb4 23. Rxb4 Bc6 24. cxb5 axb5 25. Rc1 Nd5 26. Rxc6 Nxb4 27. axb4 Ra4 28. f3 exf3 29. gxf3 Rxb4 30. Rb6 Rb1+ 31. Kf2 b4 32. Bc4 h6 33. Rb7 1-0